[Event "SapproSummer2019"]
[Site "?"]
[Date "2019.07.27"]
[Round "3.5"]
[White "Kobayashi, Katsuhiko"]
[Black "Yoshii, Yukihiko"]
[Result "0-1"]
[WhiteElo "1539"]
[BlackElo "1869"]
[Annotator "Fritz 15 (30s)"]
[PlyCount "88"]
[SourceVersionDate "2019.07.27"]

{[%mdl 8192] A01: Nimzowitsch-Larsen Opening} 1. b3 e5 2. Bb2 d6 3. e4 Nf6 4.
Nc3 Be7 (4... Nc6 5. Bb5 Bg4 6. Nge2 Be7 7. h3 Bh5 8. O-O O-O 9. Bxc6 bxc6 10.
d4 Nd7 11. dxe5 Nxe5 12. f4 Bxe2 13. Nxe2 Ng6 14. Nd4 Bf6 15. Nxc6 Qe8 16. e5
dxe5 17. fxe5 Nxe5 18. Nxe5 Bxe5 19. Re1 {Khairullin,I (2658)-Inarkiev,E (2680)
Khanty-Mansiysk 2013 1-0}) (4... c5 5. Bc4 Nc6 6. d3 Be7 7. Nge2 O-O 8. O-O a6
9. a4 Rb8 10. h3 Nd4 11. f4 b6 12. fxe5 dxe5 13. Nd5 b5 14. axb5 axb5 15. Nxf6+
Bxf6 16. Bd5 Bb7 17. Bxb7 Rxb7 18. Nc3 Bg5 19. Nd5 {Akash Pc,I (2243)
-Karthikeyan,M (2509) Dindigul 2015 1/2-1/2 (47)}) 5. Nf3 Bg4 $146 (5... O-O 6.
d4 (6. d3 c5 7. g3 Nc6 8. Bg2 Bg4 9. h3 Bh5 10. g4 Bg6 11. h4 h5 12. g5 Nd7 13.
Nd5 f6 14. gxf6 Nxf6 15. Ng5 Nxd5 16. Ne6 Qa5+ 17. c3 Nf4 18. Bh3 Rf6 19. Ng5
Raf8 20. Bf1 Ne6 {Krasnov,V (2189)-Savinov,L (2260) St Petersburg 2003 0-1 (32)
}) 6... Nbd7 7. Be2 Re8 8. O-O Bf8 9. dxe5 dxe5 10. Nd2 c6 11. a4 Qc7 12. Bf3
Nc5 13. h3 Ne6 14. Ne2 Ng5 15. Nc1 Bb4 16. c3 Bf8 17. Qe2 Bxh3 18. gxh3 Nxh3+
19. Kh2 Nf4 20. Qe3 {Jovanovic,S (2290)-Drozdov,I (2375) Arandjelovac 1993 0-1}
) (5... c6 6. d4 Nbd7 7. Be2 O-O 8. O-O Re8 9. Qd2 Qc7 10. Rad1 Nf8 11. Rfe1
Ng6 12. h3 Bd7 13. Bf1 Rad8 14. Qc1 Bc8 15. dxe5 dxe5 16. Rxd8 Rxd8 17. Rd1
Rxd1 18. Qxd1 b5 19. Nd2 Bc5 20. g3 {Strenzwilk,D (2227)-Shocron,R (2260)
Parsipanny 2002 1/2-1/2 (59)}) 6. Be2 O-O 7. O-O Nbd7 8. d4 Bxf3 9. Bxf3 exd4
10. Qxd4 {White has the pair of bishops} Ne5 11. Qd1 c6 {Secures b5+d5} 12. Na4
(12. Be2 Ned7 $14) 12... Qc7 13. Re1 Rad8 14. c4 Rfe8 15. Bxe5 (15. h3 a6 $11)
15... dxe5 $15 {Opposite coloured bishops appeared.} 16. Qc2 Rd7 17. Rad1 Red8
18. Rxd7 Rxd7 19. Rd1 Rd4 20. Rxd4 exd4 {Black has a new passed pawn: d4} 21.
Qd3 c5 (21... Qe5 22. g3 $15) 22. h3 {Covers g4} h6 23. b4 (23. Nb2 Nd7 $11)
23... b6 24. b5 {This push gains space} (24. bxc5 Bxc5 25. Nb2 g6 $15) 24...
Nd7 (24... Qf4 25. g3 Qc1+ 26. Kg2 $17) 25. Nb2 Ne5 {Black threatens to win
material: Ne5xd3} 26. Qd1 Qd6 27. Nd3 $2 {The white knight is safe in front of
d4} (27. Be2 $142 $5 $15 {would allow White to play on}) 27... Nxc4 $19 28. Qb3
$2 (28. g3 Qc7 $17) 28... Ne5 $4 {letting the wind out of his own sails} (28...
Nd2 {seems even better} 29. Qc2 Nxf3+ 30. gxf3 Qg6+ 31. Kh2 $19) 29. Bh5 $2 (
29. Nxe5 $142 Qxe5 30. g3 $17) 29... g6 $4 {lets it slip away} (29... c4 $142 {
secures the win} 30. Bxf7+ Kxf7 31. Nxe5+ Qxe5 32. Qxc4+ Kf6 $19) 30. Nxe5 $11
{White has a mate threat} Qxe5 {Black forks: e4+h5} 31. Bxg6 {White has a mate
threat} Qf6 32. Bh5 Qe6 {Black threatens to win material: Qe6xe4} 33. Qg3+ Kh7
34. Qf3 {White threatens to win material: Qf3xf7} Bf6 35. Qf5+ $4 {gives the
opponent new chances} (35. e5 $142 {would keep White in the game} Qxe5 36. Bxf7
$11) 35... Qxf5 $19 36. exf5 Kg7 (36... c4 37. Bf3 d3 $19) 37. Kf1 $2 (37. Be2
$142 $11 {would allow White to play on}) 37... d3 $17 38. Bd1 $4 {the pressure
is too much, White crumbles} (38. Ke1 $142 Bc3+ 39. Kd1 $19) 38... c4 $19 39.
f4 (39. Ba4 $19 {is the last straw}) 39... c3 40. Ke1 (40. Be2 {does not win a
prize} c2 41. Bxd3 c1=Q+ 42. Ke2 Bd4 43. f6+ Kxf6 44. Bh7 Qe3+ 45. Kd1 Bc3 46.
Kc2 Qd2+ 47. Kb3 Bb2 48. a4 Qc3+ 49. Ka2 Ba3 50. g4 Qb2#) 40... Bh4+ 41. Kf1 c2
42. Bxc2 dxc2 43. f6+ (43. Ke2 {cannot change what is in store for White} c1=Q
44. a4 Qc2+ 45. Ke3 Bf2+ 46. Kf3 Bc5 47. Kg3 Qf2+ 48. Kh2 Be3 49. f6+ Kxf6 50.
f5 Bf4+ 51. Kh1 Qf1#) 43... Kxf6 44. g3 (44. Ke2 {is not much help} c1=Q 45.
Kd3 Kf5 46. g3 Bxg3 47. a4 Be1 48. h4 Qc3+ 49. Ke2 Qd2+ 50. Kf1 Qf2#) 44...
Bxg3 (44... Bxg3 45. Kg2 Be1 46. Kh2 c1=Q 47. Kh1 Qc2 48. a4 Bg3 49. Kg1 Qh2+
50. Kf1 Qf2#) (44... c1=Q+ 45. Kg2 Qe3 46. gxh4 Kf5 47. a4 Kxf4 48. h5 Qe2+ 49.
Kg1 Kg3 50. h4 Qe1#) 0-1

[Event "SapproSummer2019"]
[Site "?"]
[Date "2019.07.28"]
[Round "4.1"]
[White "Sugimoto, Koichi"]
[Black "Drakakis, Athanasios"]
[Result "0-1"]
[WhiteElo "1963"]
[BlackElo "1864"]
[Annotator "Fritz 15 (30s)"]
[PlyCount "58"]
[SourceVersionDate "2019.07.27"]

{[%mdl 8192] B12: Caro-Kann: Advance Variation} 1. e4 c6 2. d4 d5 3. e5 Bf5 4.
Nf3 h6 5. Be2 e6 6. O-O Nd7 7. Be3 Be7 $146 (7... Qb6 8. b3 Qa5 (8... Ne7 9.
Nbd2 (9. Qd2 Ng6 10. Ne1 Bb4 11. c3 Be7 12. g4 Be4 13. Qc1 h5 14. gxh5 Nh4 15.
Nd2 Bf5 16. Kh1 g5 17. Rg1 O-O-O 18. Rxg5 f6 19. Rg7 Bf8 20. exf6 Nxf6 21. Rf7
Ng4 22. Bxg4 Bxg4 23. Rf4 Bf5 {Lane,G (2405)-Dorenberg,G (2370) Belgium 1997
1-0}) 9... g5 10. Re1 Bg6 11. Nf1 Nf5 12. Bd3 Bb4 13. Bxf5 Bxf5 14. Bd2 Be7 15.
Ng3 Bg6 16. h3 c5 17. Be3 Qc7 18. c4 Nb6 19. dxc5 Bxc5 20. Bxc5 Qxc5 21. cxd5
Nxd5 22. Rc1 Qa5 23. Ne4 {Prie,E (2445)-Anic,D (2440) Nantes 1993 1/2-1/2 (44)}
) 9. c4 Ne7 10. a3 dxc4 11. bxc4 Rd8 12. Qb3 Qb6 13. Qc3 Qc7 14. Rd1 Ng6 15. c5
Ne7 16. Nbd2 Nd5 17. Qb3 b6 18. cxb6 axb6 19. Rdc1 Be7 20. Bb5 c5 21. dxc5 bxc5
22. Nc4 {Vogt,L (2510)-Boehnisch,M (2355) Plauen 1980 1/2-1/2 (41)}) (7... Ne7
8. Nh4 (8. Nbd2 Bh7 9. c4 dxc4 10. Nxc4 Nd5 11. Qb3 N7b6 12. Na5 Rb8 13. Bd2
Be7 14. Rac1 O-O 15. Rfd1 Qd7 16. Ne1 Nc7 17. Qg3 Kh8 18. Be3 Ncd5 19. Nd3 Nxe3
20. fxe3 Nd5 21. Nc4 Nb4 22. Nc5 Bxc5 {Renner,C (2385)-Koenig,D (2295) Germany
1992 0-1 (37)}) 8... Bh7 9. f4 c5 10. c3 Nc6 11. Nf3 Qb6 12. Qd2 Be7 13. Na3 a6
14. c4 cxd4 15. Nxd4 Bb4 16. Nb3 Bxd2 17. Bxb6 Bxf4 18. cxd5 Nxb6 19. dxc6 Be3+
20. Kh1 bxc6 21. Bf3 Rc8 22. Na5 {Fogarasi,T (2410)-Jelling,E (2365) Festuge
1991 1/2-1/2 (32)}) 8. b3 Bg5 (8... Bb4 9. Ne1 $11) 9. Nxg5 $16 hxg5 {White
has the pair of bishops} 10. Qd2 g4 11. Bg5 f6 12. exf6 gxf6 13. Bf4 Qe7 14. c4
(14. Re1 Qf7 $14) 14... e5 (14... dxc4 15. Re1 $14) 15. dxe5 (15. Re1 $5 O-O-O
16. cxd5 exf4 17. dxc6 $16) 15... fxe5 $11 16. Bg3 {In the style of Nimzovich}
d4 {White has a cramped position. White's piece can't move: b1. Black has a
new protected passed pawn: d4} 17. Qd1 $4 {hands over the advantage to the
opponent} (17. f4 $142 {and White can hope to survive} gxf3 18. Bxf3 $11) 17...
Ngf6 $17 18. Re1 O-O-O 19. Bd3 (19. a4 $142 $5 $17) 19... e4 $19 20. Nd2 Nc5
21. Bf1 $2 (21. Bb1 d3 22. Nf1 $19) 21... Nh5 22. b4 (22. Be2 {the last chance
for counterplay} Nxg3 23. fxg3 $19) 22... Nxg3 23. fxg3 Qh7 24. bxc5 (24. h4
gxh3 25. Be2 $19) 24... Qxh2+ 25. Kf2 e3+ 26. Ke2 d3+ (26... Qg1 27. Ne4 Bxe4
28. Qc1 Qf2+ 29. Kd1 Rh1 30. a3 Rxf1 31. Qc3 dxc3+ 32. Kc1 Rxe1#) 27. Kxe3 Qg1+
28. Kf4 Qd4+ (28... Rhf8 29. Nb3 Be6+ 30. Ke4 Qf2 31. Qc1 Qf5+ 32. Ke3 Qg5+ 33.
Ke4 Bf5+ 34. Ke5 Rfe8#) 29. Ne4 (29. Re4 {is no salvation} Qf2+ 30. Nf3 Rhf8
31. Qd2 Bd7+ 32. Kg5 Qxc5+ 33. Ne5 Qe7+ 34. Kh5 Rh8+ 35. Qh6 Rxh6+ 36. Kxh6
Qf6+ 37. Kh7 Rh8#) 29... Rdf8 (29... Rdf8 30. Qxg4 Bxg4+ 31. Kxg4 Rhg8+ 32. Kh4
Qh8#) 0-1

[Event "SapproSummer2019"]
[Site "?"]
[Date "2019.07.28"]
[Round "4.2"]
[White "Kikuchi, Akira"]
[Black "Sato, Yasuji"]
[Result "1-0"]
[WhiteElo "1695"]
[BlackElo "1452"]
[Annotator "Fritz 15 (30s)"]
[PlyCount "73"]
[SourceVersionDate "2019.07.27"]

{[%mdl 8192] D02: 1 d4 d5 2 Nf3 sidelines, including 2...Nf6 3 g3 and 2...Nf6
3 Bf4} 1. d4 d5 2. Nf3 Nf6 3. Bf4 e6 4. e3 Bd6 5. Bg5 (5. c3 O-O 6. Nbd2 Qe7 7.
Bd3 Nbd7 8. Ne5 Bxe5 9. dxe5 Nc5 10. Bc2 Nfd7 11. Qh5 f5 12. g4 g6 13. Qh6 Qg7
14. Qxg7+ Kxg7 15. gxf5 exf5 {1/2-1/2 (15) Kovacevic,V (2520)-Loncar,R (2385)
Makarska 1995}) 5... h6 $146 {Black threatens to win material: h6xg5} (5... c5
6. c3 Qb6 7. Qb3 Ne4 8. Qxb6 axb6 9. Bf4 Bxf4 10. exf4 Nc6 11. Nbd2 Bd7 12. Bb5
Ke7 13. Ke2 Nxd2 14. Kxd2 Nxd4 15. Nxd4 cxd4 16. Bd3 dxc3+ 17. bxc3 Kd6 18.
Rhb1 Kc5 19. Rb2 Ra5 20. Rab1 {Dermann,G (2297)-Matthias,H (2355) Germany 1998
0-1 (49)}) (5... Nbd7 6. Nbd2 h6 7. Bh4 c5 8. c4 Qb6 9. Qb3 cxd4 10. exd4 Qxb3
11. axb3 Bb4 12. Bd3 b6 13. Bg3 Bb7 14. O-O Ne4 15. Rfd1 Nxg3 16. hxg3 O-O 17.
Nb1 Rfd8 18. Nc3 dxc4 19. bxc4 Bxc3 20. bxc3 {Lazic,L (2250)-Lukic,N (2194)
Belgrade 2009 1-0 (63)}) (5... c6 6. Nbd2 Nbd7 7. Bd3 Qb6 8. Rb1 Qa5 9. O-O h6
10. Bh4 Qc7 11. c4 b6 12. b4 O-O 13. c5 Be7 14. h3 Bb7 15. Nb3 Qd8 16. Bg3 Ne4
17. Bh2 Nc3 18. Qc2 Nxb1 19. Rxb1 Qc8 20. a4 {Soman,S (2364)-Roy Chowdhury,S 
(2395) Mumbai 2003 1/2-1/2 (56)}) (5... O-O 6. Nbd2 h6 7. Bh4 b6 8. Bd3 Bb7 9.
c3 Nbd7 10. Qe2 Be7 11. O-O Ne4 12. Bg3 h5 13. h3 Nxg3 14. fxg3 Bd6 15. g4 hxg4
16. hxg4 c5 17. Qf2 cxd4 18. exd4 e5 19. Qg3 Qc7 20. Bh7+ {Brkic,A (2208)
-Sengupta,D (2169) Oropesa del Mar 2000 1-0}) 6. Bh4 g5 7. Bg3 Bxg3 (7... Bd7
8. c4 $11) 8. hxg3 $14 Ne4 9. Nbd2 Nc6 (9... Nd7 $5 $14) 10. Nxe4 $16 dxe4 11.
Nd2 f5 12. Qh5+ Ke7 13. Nc4 (13. O-O-O Qf8 $16) 13... Qf8 14. O-O-O Bd7 15. Nd2
Be8 16. Qh2 Bf7 17. Bc4 (17. Bb5 Nb8 $16) 17... Kf6 18. f3 exf3 19. Nxf3 g4 {
Black gets more space} (19... Qd6 20. Bb5 $16) 20. Qh4+ Kg7 21. Ne5 Ne7 $4 {
leads to further unpleasantness} (21... Re8 $142 22. Bb5 Nxe5 23. dxe5 c6 24.
Qf6+ Kg8 $16) 22. Nd7 $18 Qe8 23. Qf6+ Kg8 24. Bxe6 (24. Ne5 $142 {and White
can celebrate victory} Nd5 25. Bxd5 exd5 26. Rxh6 Rxh6 27. Qxh6 $18) 24... Bxe6
25. Qxe6+ Qf7 26. Qxf7+ (26. Nf6+ $142 $5 Kg7 27. Nh5+ Kg8 28. d5 $18) 26...
Kxf7 $16 27. Ne5+ Ke6 (27... Kg7 28. Rdf1 $16) 28. Rh5 $18 Rad8 (28... Raf8 29.
Rdh1 Rf6 30. e4 $18) 29. Rdh1 Ng8 30. c3 Re8 (30... Nf6 31. Rxh6 Rxh6 32. Rxh6
$18) 31. Kd2 (31. e4 {makes it even easier for White} Nf6 32. exf5+ Kd5 33.
Rxh6 Rxh6 34. Rxh6 Rf8 $18) 31... Kf6 $2 (31... Rh7 $18) 32. Rf1 Ne7 33. e4 Kg7
(33... Reg8 {does not save the day} 34. exf5 Nc6 35. Ng6 $18) 34. exf5 Nd5 35.
Nxg4 Nf6 36. Nxf6 Kxf6 37. Rf3 1-0

[Event "SapproSummer2019"]
[Site "?"]
[Date "2019.07.28"]
[Round "4.4"]
[White "Yoshii, Yukihiko"]
[Black "Watanabe, Katsumi"]
[Result "1/2-1/2"]
[WhiteElo "1869"]
[BlackElo "1733"]
[Annotator "Fritz 15 (30s)"]
[PlyCount "76"]
[SourceVersionDate "2019.07.27"]

{[%mdl 8192] E91: King's Indian: Classical: 6 Be2, unusual replies including 6.
..c5 and 6...Bg4} 1. c4 Nf6 2. Nc3 g6 3. d4 Bg7 4. e4 d6 5. Nf3 O-O 6. Be2 Nbd7
7. O-O c5 8. d5 b6 $146 (8... Nb6 9. Bf4 Nh5 10. Bg5 h6 11. Be3 Nf6 12. h3 e5
13. Kh1 Kh7 14. Ng1 g5 15. Rc1 Rg8 16. b3 Bf8 17. g3 g4 18. hxg4 Bxg4 19. Bxg4
Nxg4 20. Bd2 Be7 21. Qf3 Bg5 22. Qxg4 Bxd2 23. Qf5+ {Zakharchenko,A (2380)
-Malikov,V (2166) Alushta 2001 1-0 (37)}) (8... Re8 9. Bg5 Qb6 10. Rb1 a6 11.
Nd2 Nf8 12. f4 h6 13. Bh4 N6h7 14. Bd3 g5 15. fxg5 hxg5 16. Qh5 Ng6 17. e5 dxe5
18. Rxf7 Bg4 19. Qxg4 Kxf7 20. Rf1+ Kg8 21. Na4 Qd6 22. Ne4 Nf6 23. Rxf6 {
Loeffler,S (2429)-Bentsen,O (2185) Gausdal 2005 1-0}) (8... Rb8 9. Bg5 h6 10.
Bf4 a6 11. a4 g5 12. Bd2 Kh8 13. Qc1 Rg8 14. Ne1 Qf8 15. Nd3 Ne8 16. Kh1 Ne5
17. Nxe5 Bxe5 18. f4 Bd4 19. Be3 Qg7 20. fxg5 hxg5 21. Bxd4 cxd4 22. Nd1 Nf6
23. Nf2 {Latzke,B (2282)-Holzinger,E (2171) Stuttgart 2004 1-0 (36)}) 9. h3 {
Prevents intrusion on g4} Ba6 {Black has a cramped position} 10. Bf4 Nh5 {
Black threatens to win material: Nh5xf4} 11. Bh2 Qc7 12. Rc1 Rae8 (12... Bh6
13. Rc2 $11) 13. a4 {White has an active position} (13. Nd2 Nhf6 $14) 13... Bc8
(13... Bh6 14. Ra1 $14) 14. b3 (14. Qd2 $142 $14) 14... f5 $2 (14... Bh6 $142
$11 {and Black hangs on}) 15. exf5 Rxf5 (15... Bxc3 16. Rxc3 gxf5 $16) 16. Bd3
$4 {hands over the advantage to the opponent} (16. g4 $5 {makes it even easier
for White} Rxf3 17. Bxf3 Bxc3 18. Rxc3 Ng7 $18) 16... Rf7 (16... Rf6 $142 $5
$16) 17. Ng5 $18 Rf6 $2 (17... Ne5 18. Nxf7 Nxf7 19. f4 $18) 18. Nce4 (18. Nxh7
$142 {makes sure everything is clear} Nf8 19. Nxf6+ Bxf6 20. Qc2 $18) 18... Ne5
19. Nxf6+ exf6 20. Bxe5 (20. Ne6 $142 $5 Bxe6 21. dxe6 $18) 20... fxe5 21. Ne4
Bf5 $2 (21... Nf4 22. Re1 $16) 22. Re1 (22. Nxd6 Qxd6 23. Bxf5 Nf4 $18) 22...
Qe7 $2 (22... Nf4 23. Rc3 $16) 23. Ng3 $4 {throwing away the advantage} (23.
Nxd6 $142 {and the scales tip in favour of White} Qxd6 24. Bxf5 $18) 23... Nxg3
$14 24. fxg3 e4 (24... Bxd3 25. Qxd3 e4 26. Qd2 $16) 25. g4 Bd4+ 26. Kh1 Qf7 $2
(26... Bf2 $142 $5 27. Rf1 Be3 28. gxf5 Bxc1 29. Qxc1 exd3 $16) 27. gxf5 $18
gxf5 28. Bb1 Kh8 (28... Qg6 29. Rf1 $18) 29. Qe2 (29. g4 {might be the shorter
path} Qg7 30. gxf5 Qh6 $18) 29... Rg8 30. Rf1 Qg6 31. Bc2 (31. Rc2 $142 $5 Be5
32. Qf2 Rf8 $18) 31... Be5 32. g4 $4 {forfeits the clear win} (32. Qf2 $142 {
a shame that White overlooked this excellent chance} Qg5 33. Rfe1 $18) 32...
Qh6 $19 33. Kg2 (33. Qg2 {cannot change what is in store for White} Rxg4 34.
Bxe4 Rxe4 35. Rc2 $19) 33... Qh4 (33... Rxg4+ 34. Qxg4 fxg4 35. Bxe4 Qd2+ 36.
Rf2 gxh3+ 37. Kf1 Qxc1+ 38. Ke2 Bc3 39. Rf8+ Kg7 40. Rf2 Qe1+ 41. Kd3 Qxf2 42.
Kxc3 Qd4+ 43. Kc2 Qxe4+ 44. Kb2 h2 45. Ka2 h1=Q 46. Kb2 Qhb1+ 47. Kc3 Qd4#) 34.
Qe3 (34. Rxf5 $142 {and White can already relax} Qg3+ 35. Kf1 Qxh3+ 36. Qg2
Qxg4 37. Qxg4 Rxg4 $18) 34... fxg4 (34... Rxg4+ 35. Kh1 Rg3 36. Rf2 Rxe3 37.
Kg1 Qg3+ 38. Kf1 Rf3 39. Rxf3 exf3 40. Bd3 Bd4 41. Bxf5 Qf2#) 35. Kh1 (35. Bxe4
$142 {and White has triumphed} Bd4 36. Qd3 gxh3+ 37. Kh1 $18) 35... Bg3 $16 36.
Qc3+ $4 {not a good decision, because now the opponent is right back in the
game} (36. Kg1 $142 {White has a promising position} Re8 37. Rf5 Qxh3 38. Bxe4
$16) 36... Be5 $11 {Black threatens to win material: Be5xc3} 37. Qe3 {Twofold
repetition} Bg3 38. Qc3+ Be5 1/2-1/2

[Event "SapproSummer2019"]
[Site "?"]
[Date "2019.07.28"]
[Round "4.5"]
[White "Ito, Katsuhide"]
[Black "Nishimori, Toshiyuki"]
[Result "0-1"]
[WhiteElo "1312"]
[BlackElo "1797"]
[Annotator "Fritz 15 (30s)"]
[PlyCount "86"]
[SourceVersionDate "2019.07.27"]

{[%mdl 8192] B33: Sicilian: Pelikan and Sveshnikov Variations} 1. e4 c5 2. Nf3
Nc6 3. d4 cxd4 4. Nxd4 Nf6 5. Nc3 e5 6. Ndb5 d6 7. Bg5 a6 8. Na3 b5 9. Bxf6
gxf6 10. Nd5 f5 11. Bd3 Be6 12. O-O Bg7 13. c4 (13. Qh5 h6 14. c4 Bxd5 15. exd5
Nd4 16. Nc2 e4 17. Rae1 O-O 18. Nxd4 Bxd4 19. Bb1 Qg5 20. Qxg5+ hxg5 21. cxb5
axb5 22. g4 Bxb2 23. gxf5 Rfe8 24. Re2 Bf6 25. Bxe4 Ra4 26. f3 Rea8 27. Bb1 Rc8
{Kotronias,V (2585)-Milanovic,D (2415) Kavala 1997 1/2-1/2 (31)}) 13... b4 $146
(13... Bxd5 14. cxd5 Ne7 (14... fxe4 15. Bxb5 axb5 16. dxc6 Ra5 17. Qd5 b4 18.
Nb5 O-O 19. a4 bxa3 20. Rxa3 Rxa3 21. bxa3 Qb6 22. Nxd6 e3 23. fxe3 Qxe3+ 24.
Kh1 Qe2 25. Rxf7 Kh8 26. Rxf8+ Bxf8 27. Qxe5+ Qxe5 28. Nf7+ {1-0 (28) Torre,E 
(2490)-Suradiradja,H (2330) Wellington 1978}) 15. Qh5 f4 16. Nc2 O-O 17. a4
bxa4 18. Rxa4 a5 19. Rfa1 Rb8 20. R1a2 Rb3 21. Bc4 Rb7 22. Qe2 f5 23. Bd3 fxe4
24. Bxe4 Qc7 25. Qh5 h6 26. Rxa5 Rxb2 27. Rxb2 Qxa5 28. Rb7 {Kuijpers,F (2430)
-Goldenberg,R (2300) Strasbourg 1975 1-0 (33)}) (13... O-O 14. exf5 bxc4 15.
Be4 Bxd5 16. Bxd5 Rc8 17. Nxc4 Nd4 18. Ne3 Qg5 19. Be4 Kh8 20. Qg4 Bf6 21. g3
Qh6 22. Kg2 Rg8 23. Qh3 Qf4 24. Bd5 e4 25. Kh1 Qe5 26. Bxf7 Rg7 27. Be6 Nxe6
28. fxe6 {Rios Escobar,A (2235)-Torres Bravo,C (2240) Santiago de Chile 2005
1-0 (44)}) (13... bxc4 14. Nxc4 Bxd5 15. exd5 Ne7 16. Qa4+ Kf8 17. Rad1 e4 18.
Be2 h5 19. f3 Rh6 20. fxe4 fxe4 21. Qc2 Kg8 22. Qxe4 Rb8 23. b3 Ng6 24. Qf5 Rb7
25. Nxd6 Qxd6 26. Qc8+ Bf8 27. Qxb7 Nf4 28. Bf3 {Lungu,M (2295)-Chakurira,S 
(2205) Abuja 2003 1-0 (32)}) (13... bxc4 $142 $5 {has some apparent merit} 14.
Nxc4 O-O $11) 14. exf5 $16 Bxd5 15. cxd5 bxa3 16. bxa3 $4 {forfeits the
advantage.} (16. dxc6 $142 axb2 17. Rb1 $16) 16... Ne7 {Black threatens to win
material: Ne7xd5} (16... Nd4 17. Rb1 $17) 17. Qa4+ $15 {[%cal Ra4a6,Rd3a6,
Ga8a6] The isolani on a6 becomes a target} Kf8 {Black loses the right to castle
} 18. Be4 {A comfortable square for the white bishop} h5 19. h3 h4 20. Rab1 Ng8
(20... Bf6 21. Rb3 $17) 21. Rfc1 Nf6 22. f3 $2 {Controls e4+g4} (22. Rb7 $142 {
would keep White alive} Bh6 23. Rcc7 $15) 22... Bh6 $19 23. Rc6 Be3+ 24. Kf1 (
24. Kh1 Kg7 $19) 24... Kg7 25. Rb3 (25. Rb7 Nh5 $19) 25... Bc5 26. Rxa6 $4 {
the pressure is too much, White crumbles} (26. Bb1 $19) 26... Rxa6 (26... Nxe4
$142 {and the rest is a matter of technique} 27. Rxa8 Ng3+ 28. Ke1 Qxa8 29.
Qxa8 Rxa8 $19) 27. Qxa6 Qa8 (27... Nh5 28. Qd3 Qg5 29. f6+ Nxf6 30. Ke1 Qxg2
31. Qd2 Qg1+ 32. Ke2 $19) 28. Qb5 (28. Qxa8 Rxa8 29. Bd3 Bxa3 $19) 28... Rc8
29. a4 (29. Qe2 {does not improve anything} Nh5 30. f6+ Kxf6 $19) 29... Qa7 30.
a5 (30. Ke2 {desperation} Bg1 31. Kd1 $19) 30... Bg1 31. Qb6 (31. Ke2 {cannot
change destiny} Nxe4 32. f6+ Kxf6 33. Qd3 Rc1 34. Rb6 Qxa5 35. Rxd6+ Kg7 36.
Rg6+ fxg6 37. fxe4 Qe1+ 38. Kf3 Qg3+ 39. Ke2 Qxg2#) 31... Bxb6 32. axb6 (32.
Rxb6 {a fruitless try to alter the course of the game} Rc1+ 33. Ke2 Qxa5 34.
Rc6 Re1+ 35. Kd3 Qb4 36. Rc3 Nxe4 37. f6+ Kxf6 38. fxe4 Qxe4+ 39. Kd2 Qe2#)
32... Qb7 (32... Rc1+ 33. Ke2 Qxa2+ 34. Ke3 Qxb3+ 35. Kf2 Qc3 36. Ke2 Re1+ 37.
Kf2 Qd2#) 33. a3 Rb8 (33... Nxe4 34. f6+ Kg8 35. Rb1 Nd2+ 36. Kf2 Nxb1 37. a4
Qxb6+ 38. Ke2 Qb2+ 39. Ke3 Qc2 40. a5 Rc3#) 34. Rc3 Qa6+ (34... Qxb6 35. Bc2
Qd4 36. Rc6 Qe3 37. Rc4 Nh5 38. Rg4+ Kf8 39. Rg8+ Kxg8 40. g4 Ng3+ 41. Kg2 Rb2
42. Kh2 Rxc2#) 35. Bd3 Qxb6 36. Rc6 (36. Bc2 {doesn't get the bull off the ice}
Nh5 37. f6+ Kxf6 38. Ke1 Qa5 39. Kd2 Rc8 40. g4 Qxc3+ 41. Ke2 Nf4+ 42. Kf2
Qxc2+ 43. Kf1 Qg2+ 44. Ke1 Rc1#) 36... Qd8 (36... Qe3 37. Bc2 Nh5 38. f6+ Kh6
39. g4 hxg3 40. Kg2 Qf2+ 41. Kh1 Qf1#) 37. Bc4 Rb2 (37... Rb1+ 38. Ke2 Qa5 39.
Bb3 Qe1+ 40. Kd3 Rxb3+ 41. Kc2 Qb1+ 42. Kd2 Rb2+ 43. Rc2 Rxc2+ 44. Kd3 Qb3#)
38. a4 (38. Bd3 {does not save the day} Qa5 39. Bc2 Qd2 40. Kg1 Ra2 41. Kh2
Qf4+ 42. Kg1 Ra1+ 43. Bb1 Rxb1+ 44. Rc1 Rxc1+ 45. Kf2 Qd2#) 38... Nh5 (38...
Qa5 39. Bd3 Qd2 40. Bc2 Ra2 41. Kg1 Ra1+ 42. Bb1 Rxb1+ 43. Rc1 Qxc1+ 44. Kh2
Qh1#) 39. Bb5 (39. f6+ {does not win a prize} Kh6 40. Kg1 Rb1+ 41. Bf1 Ng3 42.
Kf2 Qa5 43. Ke3 Rd1 44. Rc3 Qa7+ 45. Rc5 Qxc5#) 39... Qg5 40. Be2 (40. f6+ {
doesn't do any good} Nxf6 41. Be2 Rb1+ 42. Rc1 Qxc1+ 43. Bd1 Qxd1+ 44. Kf2 Qd2#
) 40... Ng3+ 41. Kg1 Nxe2+ 42. Kf1 Qe3 43. f6+ Kg6 (43... Kg6 44. Rxd6 Rb1#)
0-1

[Event "SapproSummer2019"]
[Site "?"]
[Date "2019.07.28"]
[Round "5.1"]
[White "Drakakis, Athanasios"]
[Black "Kikuchi, Akira"]
[Result "1/2-1/2"]
[WhiteElo "1864"]
[BlackElo "1695"]
[Annotator "Fritz 15 (30s)"]
[PlyCount "33"]
[SourceVersionDate "2019.07.27"]

{A47: 1 d4 Nf6 2 Nf3 b6: Torre, London and Colle Systems} 1. d4 Nf6 2. Nf3 e6
3. Bg5 Be7 4. Nbd2 c5 5. e3 cxd4 6. exd4 b6 7. Bd3 Bb7 8. O-O O-O 9. c3 d6 10.
Re1 Nbd7 11. Rc1 (11. Bh4 Re8 12. h3 Bc6 13. a4 Qc7 14. Bg3 Nf8 15. Qe2 Ng6 16.
Bh2 {1/2-1/2 (16) Cifuentes Parada,R (2540)-Ernst,T (2535) Haninge 1992}) 11...
Nd5 $146 (11... Rc8 12. c4 a6 13. b4 Re8 14. Qb3 Nf8 15. Bxf6 Bxf6 16. Be4 d5
17. cxd5 Rxc1 18. Rxc1 exd5 19. Bd3 Ne6 20. Qb2 Nf4 21. Bf1 Qd6 22. a3 g6 23.
Qc2 Ne6 24. Nb3 Qf4 25. Qd1 Bc8 26. g3 {Panko,A (2180)-Panush,V (2271)
Serpukhov 2003 1/2-1/2 (41)}) (11... Re8 12. Nf1 Nf8 13. Ng3 a6 14. a3 b5 15.
Qe2 Rb8 16. h3 Bc6 17. Rc2 a5 18. b4 Qb6 19. Bxf6 Bxf6 20. Ne4 Be7 21. Ned2 Nd7
22. Nb3 axb4 23. axb4 Nf6 24. Na5 Ba8 25. Ng5 h6 26. Ne4 {Prymula,R (2273)
-Hinks Edwards,T (2373) Czechia 2014 0-1 (45)}) (11... a6 12. a4 Re8 13. Bb1
Qc7 14. Nf1 Bc6 15. Ng3 Qb7 16. b4 b5 17. a5 Rac8 18. Qd3 Nf8 19. Bxf6 Bxf6 20.
Ne4 Be7 21. Neg5 h6 22. Ne4 Bd5 23. Nfd2 f5 24. Ng3 Bxg2 25. f3 Bh3 26. Nh5 {
Bartha,S (2280)-Schneider,A (2355) Budapest 1993 0-1 (40)}) 12. Bxe7 {White
forks: d6, f8+d8} Qxe7 13. Bb1 f5 14. h4 h6 {Covers g5} 15. a3 {Secures b4}
Rac8 16. Ba2 (16. c4 Nc7 $11) 16... N7f6 17. g3 1/2-1/2